| 000 | 00456pab a2200157 454500 | ||
|---|---|---|---|
| 008 | 180718b2011 xxu||||| |||| 00| 0 eng d | ||
| 100 | _aPaima, Jose Gabriel | ||
| 245 | _aHomogeneous middles vs. heterogeneous tails, and the end of the `Inverted-U': It's all about the share of the rich | ||
| 260 | _c2011 | ||
| 300 | _ap.87-153. | ||
| 362 | _aJan | ||
| 650 | _aIncome distribution | ||
| 773 | _aDevelopment and Change | ||
| 908 | _aN | ||
| 909 | _a91836 | ||
| 999 |
_c91836 _d91836 |
||